000 00585nam a2200157Ia 4500
008 100122s9999 xx 000 0 und d
082 _b65314
_a910.4
100 _aगोडबोले अरुण
245 _aपाचूचे मॉरिशस सोन्याची दुबई
250 _a1
260 _bकौशिक प्रकाशन
_c2003
300 _a108
630 _aपाचूचे मॉरिशस सोन्याची दुबई
730 _aपाचूचे मॉरिशस सोन्याची दुबई
942 _cBOOK
999 _c438423
_d438420